01321nam a22002177a 450000100040000000500170000402000180002104000310003908200110007010000190008124503290010026000340042930000480046349000290051150500080054052004350054852100200098352100200100365000400102365000400106362420240523112034.0 a9781474953160 aFISKH bengcFISKHdFISKH  a551.46 aMartin, Jerome a100 things to know about the oceans /cWritten by Jerome Martin, ALex Frith, Alice James, Lan Cook, Minna Lacey and Lizzie Cope ; Illustrated by Dominique Byron, Dale Edwin Murray, Federico Mariani, Shaw Nielsen and Jake Williams ; Designed by Jenny Offley, Winsome D'Abreu, Tilly Kitching, Lenka Hrehova and Samuel Gorham.  aLondon : bUsborne ; c2021.  a127 pages : bcolor illustrations :c25 cm. a100 Things to know about aU  aDo fish wear pyjamas? What's the sound of an iceberg melting? How many sheep did it take to launch a Viking longship? Which is faster - a tsunami or a bullet train? Find the answers to these and many more questions in a book that explores the history, science, environment and art of our planet's seas and oceans. Richly illustrated and perfect for broadening children's knowledge of an essential subject, away from the classroom. a960 bLexile  aU bRaz-Plus  aMarine AnimalsvJuvenile Literature aMarine AnimalsvJuvenile Literature